Sports Quiz

Random Sports or Baseball Quiz

Nationals/Expos Hall-of-Famers Quiz Stats

 Plays Quiz not verified by Sporcle

Challenge
Share
Tweet
Embed
Score 0/8 Timer 03:00
0 Plays Today
Years Played with Nationals/Expos Player % Correct
1996-2003Vladimir Guerrero
100%
1974-1984, 1992Gary Carter
98.5%
1976-1986Andre Dawson
98.5%
1979-1990, 2001Tim Raines
87%
2010-2011Ivan Rodriguez
82.6%
1988-1989Randy Johnson
82.6%
1994-1997Pedro Martinez
82.6%
1977-1979Tony Perez
57.2%

You're not logged in!

Compare scores with friends on all Sporcle quizzes.
Join for Free
OR
Log In

You Might Also Like...

Show Comments

Extras

Top Quizzes Today


Score Distribution

Your Account Isn't Verified!

In order to create a playlist on Sporcle, you need to verify the email address you used during registration. Go to your Sporcle Settings to finish the process.

Report this User

Report this user for behavior that violates our Community Guidelines.

Details: